[Event "CP-2018-P-00021"]
[Site "LSS email"]
[Date "2018.09.27"]
[Round "?"]
[White "Janda, Krzysztof"]
[Black "Vasek, Vladimir"]
[Result "1/2-1/2"]
[WhiteElo "2194"]
[BlackElo "1861"]
[PlyCount "59"]
[EventDate "2018.10.01"]
[EventType "tourn (corr)"]
[EventRounds "6"]
[EventCountry "GER"]
[SourceTitle "Corr 2022"]
[Source "ChessBase"]
[SourceDate "2021.10.24"]
[SourceVersion "1"]
[SourceVersionDate "2021.10.24"]
[SourceQuality "1"]

1. d4 Nf6 2. c4 g6 3. Nf3 Bg7 4. Nc3 0-0 5. e4 d6 6. Be2 e5 7. 0-0 Nc6 8. d5 Ne7 9. Ne1 Nd7 10. Be3 f5 11. f3 f4 12. Bf2 g5 13. Nd3 Ng6 14. a4 Nf6 15. a5 h5 16. c5 g4 17. a6 bxa6 18. Nb4 g3 19. Be1 Nh7 20. hxg3 fxg3 21. Bxg3 Qg5 22. Bh2 Rb8 23. Nd3 h4 24. Rf2 Nf6 25. Qc1 Qxc1+ 26. Nxc1 Rxb2 27. Bxa6 Rxf2 28. Kxf2 Ng4+ 29. Kg1 Bh6 30. Nd3 1/2-1/2

[Event "OP-2018-0-04544"]
[Site "LSS email"]
[Date "2018.03.10"]
[Round "?"]
[White "Janda, Krzysztof"]
[Black "Tamayo Gutierrez, Rommel"]
[Result "1-0"]
[WhiteElo "2139"]
[BlackElo "2040"]
[PlyCount "57"]
[EventDate "2018.03.01"]
[EventType "tourn (corr)"]
[EventRounds "4"]
[EventCountry "GER"]
[SourceTitle "Corr 2022"]
[Source "ChessBase"]
[SourceDate "2021.10.24"]
[SourceVersion "1"]
[SourceVersionDate "2021.10.24"]
[SourceQuality "1"]

1. d4 Nf6 2. c4 e6 3. Nf3 b6 4. a3 Bb7 5. Bf4 Be7 6. Nc3 0-0 7. d5 Re8 8. e3 d6 9. Bd3 exd5 10. cxd5 Nh5 11. 0-0 Nxf4 12. exf4 Bf6 13. Bb5 Re7 14. Nd4 g6 15. Rc1 a6 16. Be2 Bg7 17. b4 b5 18. Nb3 Nd7 19. Na5 Rb8 20. Bf3 Nb6 21. Qd3 Ba8 22. Ne2 Qf8 23. g3 f5 24. Nd4 Bxd4 25. Qxd4 Qg7 26. Qd2 Qf7 27. Rfd1 Rbe8 28. Kg2 h6 29. h4 1-0

[Event "OP-2018-0-04528"]
[Site "LSS email"]
[Date "2018.02.10"]
[Round "?"]
[White "Janda, Krzysztof"]
[Black "Kulakiewicz, Mariusz"]
[Result "1/2-1/2"]
[WhiteElo "2145"]
[BlackElo "1983"]
[PlyCount "83"]
[EventDate "2018.02.02"]
[EventType "tourn (corr)"]
[EventRounds "4"]
[EventCountry "GER"]
[SourceTitle "Corr 2022"]
[Source "ChessBase"]
[SourceDate "2021.10.24"]
[SourceVersion "1"]
[SourceVersionDate "2021.10.24"]
[SourceQuality "1"]

1. d4 d5 2. Nf3 Nf6 3. c4 e6 4. g3 c6 5. Bg2 dxc4 6. a4 c5 7. 0-0 Nc6 8. dxc5 Bxc5 9. Qxd8+ Kxd8 10. Na3 Nd5 11. Nxc4 f6 12. Bd2 Ke7 13. Rfc1 b6 14. e3 Bd7 15. a5 Rhc8 16. Ne1 Nxa5 17. Nxa5 bxa5 18. Bxa5 Rab8 19. Nd3 Bd6 20. Rxc8 Rxc8 21. Bxd5 exd5 22. Bc3 Ra8 23. Nb4 Ke6 24. Nc2 Bc8 25. Nd4+ Kf7 26. Nb5 Bb8 27. Bd4 a6 28. Rc1 Bf5 29. Nc7 Bxc7 30. Rxc7+ Kg6 31. Bc3 Rc8 32. Ra7 Rc6 33. f3 h5 34. Kf2 Bh3 35. Ke2 Rd6 36. Rc7 Kh6 37. Kf2 g5 38. Rb7 Kg6 39. Rb8 Bf5 40. Kg2 Re6 41. Kf2 Rd6 42. Rb7 1/2-1/2

[Event "OP-2018-0-04528"]
[Site "LSS email"]
[Date "2018.02.10"]
[Round "?"]
[White "Van Leent, Dimitri"]
[Black "Janda, Krzysztof"]
[Result "1/2-1/2"]
[WhiteElo "1671"]
[BlackElo "2145"]
[PlyCount "37"]
[EventDate "2018.02.02"]
[EventType "tourn (corr)"]
[EventRounds "4"]
[EventCountry "GER"]
[SourceTitle "Corr 2022"]
[Source "ChessBase"]
[SourceDate "2021.10.24"]
[SourceVersion "1"]
[SourceVersionDate "2021.10.24"]
[SourceQuality "1"]

1. c4 Nf6 2. g3 c6 3. Bg2 d5 4. Nf3 g6 5. 0-0 Bg7 6. b3 0-0 7. Bb2 Nbd7 8. Qc2 Re8 9. cxd5 cxd5 10. d4 Ne4 11. e3 b6 12. Rc1 Ba6 13. Nc3 Rc8 14. Qd1 Nxc3 15. Rxc3 Rxc3 16. Bxc3 e6 17. Bb4 Qa8 18. Rc1 Rc8 19. Rc2 1/2-1/2

[Event "SB-2018-0-00520"]
[Site "LSS email"]
[Date "2018.01.10"]
[Round "?"]
[White "Janda, Krzysztof"]
[Black "Csernus, Robert"]
[Result "1/2-1/2"]
[WhiteElo "1800"]
[BlackElo "1881"]
[PlyCount "41"]
[EventDate "2017.11.03"]
[EventType "tourn (corr)"]
[EventRounds "6"]
[EventCountry "GER"]
[SourceTitle "Corr 2022"]
[Source "ChessBase"]
[SourceDate "2021.10.24"]
[SourceVersion "1"]
[SourceVersionDate "2021.10.24"]
[SourceQuality "1"]

1. d4 Nf6 2. c4 g6 3. Nc3 Bg7 4. e4 d6 5. h3 0-0 6. Nf3 e5 7. d5 Nh5 8. g3 f5 9. exf5 gxf5 10. Bg5 Qe8 11. Nh4 Na6 12. Be2 Nf6 13. Qc2 Nb4 14. Qb3 a5 15. a3 Na6 16. Qc2 Nc5 17. Be3 b6 18. 0-0-0 Nfe4 19. Nxe4 fxe4 20. Kb1 Bd7 21. Bxc5 1/2-1/2

[Event "SB-2018-0-00520"]
[Site "LSS email"]
[Date "2018.01.10"]
[Round "?"]
[White "Roldan Ortiz, Antonio Jose"]
[Black "Janda, Krzysztof"]
[Result "0-1"]
[WhiteElo "1968"]
[BlackElo "1800"]
[PlyCount "62"]
[EventDate "2017.11.03"]
[EventType "tourn (corr)"]
[EventRounds "6"]
[EventCountry "GER"]
[SourceTitle "Corr 2022"]
[Source "ChessBase"]
[SourceDate "2021.10.24"]
[SourceVersion "1"]
[SourceVersionDate "2021.10.24"]
[SourceQuality "1"]

1. e4 c5 2. Nf3 d6 3. Bb5+ Bd7 4. Bxd7+ Qxd7 5. c4 Nc6 6. Nc3 e5 7. d3 Be7 8. 0-0 f5 9. exf5 Qxf5 10. a3 Nf6 11. Bg5 0-0 12. Bxf6 Rxf6 13. Nd5 Rf7 14. b4 Raf8 15. b5 Nd8 16. Qe2 Ne6 17. a4 g6 18. Qe4 Qh5 19. a5 Bg5 20. Nxg5 Nxg5 21. Qe1 Rf3 22. Qd1 Qg4 23. Ne3 Qf4 24. Nd5 Qd4 25. Ne3 h5 26. gxf3 Nxf3+ 27. Kg2 Qf4 28. Rh1 Nh4+ 29. Kh3 Kg7 30. Qe2 Nf3 31. Rag1 Qxh2+ 0-1